000 00547nam a22002057a 4500
999 _c480938
_d480938
003 NUST
005 20180828074016.0
008 180828b ||||| |||| 00| 0 eng d
020 _a9780198312413
022 _a9780198312413
038 _a0
050 _a821.008
082 _a821.008
100 _aMichael Harrison.(Editor)
_912310
245 _aThe New Dragon Book of Verse.
_cMichael Harrison.(Editor)
260 _aNew York.
_bOxford University Press.
_c1989.
300 _a262p.
500 _aPaper Cover.
942 _2ddc
_cBK
_k821.008